Tri thức bách khoa về những điều nên tránh

Gardado en:
Detalles Bibliográficos
Formato: Libro
Idioma:Undetermined
Publicado: Cà Mau Nhà xuất bản Mũi Cà Mau 2002
Những chủ đề:
Các nhãn: Engadir etiqueta
Sen Etiquetas, Sexa o primeiro en etiquetar este rexistro!
Thư viện lưu trữ: Trung tâm Học liệu Trường Đại học Cần Thơ
LEADER 00549nam a2200181Ia 4500
001 CTU_92939
008 210402s9999 xx 000 0 und d
020 |c 140000 
082 |a 001 
082 |b Tr300 
245 0 |a Tri thức bách khoa về những điều nên tránh 
245 0 |c Nguyễn Quang Thái ... [et al.] (dịch) 
260 |a Cà Mau 
260 |b Nhà xuất bản Mũi Cà Mau 
260 |c 2002 
650 |a Knowledge 
904 |i Mai Loan, QHieu 
980 |a Trung tâm Học liệu Trường Đại học Cần Thơ